000 01351nab a22002537a 4500
999 _c5635
_d5635
003 OSt
005 20251224102325.0
008 190603e xxum|||| |||| 00| 0 spa d
040 _cPJ
100 _96606
_aArias, María Paula
245 1 0 _aImpacto de la normativa de consumo en el transporte aéreo /
_cMaría Paula Arias.
260 _cCiudad Autónoma de Buenos Aires :
_aThomson Reuters La Ley,
_b2025.
300 _ap. 5-14
500 _aCita: TR LALEY AR/DOC/23/2025 Publicado en: RCCyC 2025 (febrero) , 5.
505 _aSumario: I. Introducción.— II. El contrato de transporte aéreo como contrato de consumo.— III. La aplicación directa de la normativa de consumo al transporte aéreo bajo un prisma constitucional.— IV. Vaivenes en torno a la competencia ordinaria y la competencia federal.— V. Síntesis conclusiva.
505 _t¿Te interesa el texto completo? Solicitalo al correo: koha@justierradelfuego.gov.ar
650 0 _96340
_aTRANSPORTE AÉREO DE PASAJEROS
650 0 _92608
_aDERECHOS DEL CONSUMIDOR
650 0 _92600
_aLEY DE DEFENSA DEL CONSUMIDOR
650 0 _91497
_aCODIGO CIVIL Y COMERCIAL
650 0 _96339
_aCÓDIGO AERONÁUTICO
773 0 _02713
_93170
_dCiudad Autónoma de Buenos Aires : Thomson Reuters La Ley, 2015-
_tRevista Código Civil y Comercial. Nº 1 - Febrero 2025
942 _2udc
_cANA